| 000 | 01061nam a22003497a 4500 | ||
|---|---|---|---|
| 003 | CHAP | ||
| 005 | 20220817041247.0 | ||
| 008 | 971013s1992 r 00010 d | ||
| 010 | _a9786 | ||
| 011 | _a10758 | ||
| 035 | _a9996 | ||
| 040 | _cCHAP | ||
| 082 |
_a627.4 _bF3f |
||
| 110 | _aFAO | ||
| 245 | _aCorrection des torrents et stabilisation des lits | ||
| 260 |
_aRome : _bFAO, _c1992 |
||
| 300 |
_a167 p. _b; gráfs |
||
| 490 |
_aFAO. Fomento de tierras y aguas _v; 9 |
||
| 590 |
_aBATCH-UPD _b10 _c20130110 _lUCH01 _h0046 |
||
| 590 |
_aBATCH-UPD _b10 _c20130110 _lUCH01 _h0859 |
||
| 590 |
_aBATCH-UPD _b10 _c20130409 _lUCH01 _h2033 |
||
| 590 |
_aBATCH-UPD _b10 _c20130914 _lUCH01 _h1044 |
||
| 590 |
_aCONVERSION _b10 _c20130109 _lUCH01 _h1306 |
||
| 650 | 1 | 4 |
_aControl de avenidas. _927591 |
| 650 | 1 | 4 |
_aCuencas. _930085 |
| 650 | 1 | 4 |
_aPresas. _991480 |
| 700 | 0 |
_aLópez Cadenas de Llano, F. _967727 |
|
| 830 | 0 |
_aFAO. Fomento de tierras y aguas _v; 9 _939565 |
|
| 901 | _aBK | ||
| 942 | _cLIBRO | ||
| 949 |
_a627.4 F3f _bBC _cFAO _d-21351 _eFAO1 _h86431 _i9996 _si |
||
| 999 |
_c9786 _d9786 |
||